Statistics for 10 Easternmost Countries in Asia

Click here to take the quiz!

General Stats

  • This quiz has been taken 73,885 times
  • The average score is 9 of 10

Answer Stats

LongitudeCountry% Correct
153°59'EJapan
99%
134°46'EChina
98%
130°56'ESouth Korea
96%
130°40'ENorth Korea
95%
141°05'EIndonesia
94%
180°00'ERussia
92%
126°34'EPhilippines
91%
122°06'ETaiwan
89%
119°56'EMongolia
74%
127°19'EEast Timor
72%

Score Distribution

Percentile by Number Answered

Percent of People with Each Score

Your Score History

You have not taken this quiz